Vplyv pandémie COVID-19 na ekonomiku Brazílie bakalárska práca

Uložené v:
Podrobná bibliografia
Hlavný autor: Ráczová, Radka
Korporativný autor: Fakulta medzinárodných vzťahov EU. Katedra medzinárodných ekonomických vzťahov a hospodárskej diplomacie
Ďalší autori: Janubová, Barbora, 1991-
Médium: Kniha
Jazyk:Slovak
Vydavateľské údaje: Bratislava 2023
Tagy: Pridať tag
Žiadne tagy, Buďte prvý, kto otaguje tento záznam!

MARC

LEADER 00000nbm a2200000 4500
001 0293128
005 20240320092642.0
041 0 |a slo 
044 |a SK 
245 1 0 |a Vplyv pandémie COVID-19 na ekonomiku Brazílie  |b bakalárska práca  |c Radka Ráczová ; školiteľ: Barbora Janubová 
264 1 |a Bratislava  |c 2023 
300 |a 48 s. 
100 1 |a Ráczová, Radka 
700 1 |a Janubová, Barbora, 1991- 
710 2 |a Fakulta medzinárodných vzťahov EU. Katedra medzinárodných ekonomických vzťahov a hospodárskej diplomacie